|
|
|
|
| LEADER |
00971nam a2200241 a 4500 |
| 001 |
GR-MES15692 |
| 008 |
100224s mau b 001 0 eng d |
| 020 |
|
|
|a 0618507213
|
| 020 |
|
|
|a 9780618507
|
| 040 |
|
|
|a GrPaTEI
|b gre
|c GR-PaULI
|
| 040 |
|
|
|a GrPaTEI
|b gre
|c GR-PaULI
|
| 082 |
|
0 |
|a 658.3
|2 19
|
| 245 |
0 |
0 |
|a Human resources management /
|c Wendell L.French.
|
| 250 |
|
|
|a 6th ed.
|
| 260 |
|
|
|a Boston
|a New York :
|b Houghton Mifflin,
|c c2007
|
| 300 |
|
|
|a 1 τ. (ποικίλες σελιδαριθμήσεις) :
|b εικ. ;
|c 26 εκ.
|
| 504 |
|
|
|a Περιλαμβάνει βιβλιογραφίες και ευρετήρια.
|
| 650 |
|
0 |
|a Personnel management
|
| 700 |
1 |
|
|a French, Wendell L.
|
| 942 |
|
|
|2 ddc
|
| 952 |
|
|
|0 0
|1 0
|2 ddc
|4 0
|6 658_300000000000000_FRE
|7 0
|9 273401
|a MSLG
|b MSLG
|c BSC
|d 2021-01-17
|e 24
|f 0
|g 0.00
|l 0
|o 658.3 FRE
|p 2420000024148
|r 2021-01-17 00:00:00
|t 1
|w 2021-01-17
|y BK15
|x 20101004 0 1
|x GrPaTEI
|
| 971 |
|
|
|a .b25817413
|b 15-04-20
|c 13-09-16
|
| 999 |
|
|
|c 158327
|d 158327
|